Postacie z „Przedwiośnia" - nagła śmierć - Statystyki

Ogólne statystyki
  • Ten quiz został rozwiązany 31 razy
  • Średni wynik to 9 z 15
Answers on the Grid
Answers color-coded by a green-red scale on the quiz's grid according to % correct below.
Cezary Baryka
Seweryn Baryka
Jadwiga Barykowa
Karolina Szarłatowiczówna
Laura Kościeniecka
Hipolit Wielosławski
Antoni Lulek
Wanda Okszyńska
Barwicki
Buławnik
Ksiądz Anastazy
Maciejunio
Wojciunio
Szymon Gajowiec
Gruboszewski
Pan Młody
Andrzej Kmicic
Aniela Dulska
Marcin Borowicz
Andrzej Radek
Maciej Boryna
Cześnik Raptusiewicz
Kordian
Stanisław Wokulski
Julian Ochocki
 
Statystyki odpowiedzi
Odpowiedź % Poprawnych
Seweryn Baryka
90%
Cezary Baryka
86%
Hipolit Wielosławski
86%
Karolina Szarłatowiczówna
76%
Szymon Gajowiec
76%
Jadwiga Barykowa
71%
Laura Kościeniecka
71%
Wanda Okszyńska
67%
Antoni Lulek
52%
Maciejunio
48%
Barwicki
43%
Ksiądz Anastazy
43%
Wojciunio
43%
Buławnik
33%
Gruboszewski
33%
Nie znaleziono quizów pasujących do podanych kryteriów
Rozkład punktacji
Procent ludzi z każdym wynikiem
Percentyl według liczby udzielonych odpowiedzi
Twoja historia wyników
Nie rozwiązałeś tego quizu